[Event "Canadian op"]
[Site "Edmonton"]
[Date "2009.07.18"]
[Round "8"]
[White "Miller, David"]
[Black "Shanker, Raman"]
[Result "1-0"]
[WhiteElo "1450"]
[BlackElo "1839"]
[PlyCount "135"]
[EventDate "2009.07.11"]
[EventType "swiss"]
[EventRounds "9"]
[EventCountry "CAN"]
[SourceTitle "CBM 132 Extra"]
[Source "ChessBase"]
[SourceDate "2009.11.03"]
[SourceVersion "1"]
[SourceVersionDate "2009.11.03"]
[SourceQuality "1"]

1. e4 e6 2. d4 d5 3. exd5 exd5 4. Nc3 Nf6 5. Nf3 c6 6. Bf4 Be7 7. Qd2 Bf5 8. 0-0-0 0-0 9. Be2 Bb4 10. Bg5 Nbd7 11. a3 Bxc3 12. Qxc3 Ne4 13. Bxd8 Nxc3 14. bxc3 Raxd8 15. Nd2 Nf6 16. f3 Rfe8 17. Rhe1 Bg6 18. Nb3 Re3 19. Kd2 Rde8 20. Na5 Bxc2 21. Rc1 Bg6 22. Nxb7 R3e6 23. Nc5 R6e7 24. Ba6 Kf8 25. Rxe7 Rxe7 26. Bb7 Rc7 27. Re1 Ne8 28. Bxc6 Nf6 29. Ba4 Re7 30. Rxe7 Kxe7 31. Ke3 Kd6 32. Nd3 Bf5 33. Bb3 Bd7 34. Ne5 Be8 35. c4 dxc4 36. Bxc4 Nd5+ 37. Kd2 f6 38. Nd3 Nc7 39. Nf4 h6 40. Kc3 g5 41. Nd3 Nb5+ 42. Bxb5 Bxb5 43. Nb4 Bf1 44. g3 Bg2 45. f4 Bf3 46. fxg5 hxg5 47. Kd3 Bg2 48. Ke3 Bb7 49. h4 gxh4 50. gxh4 a5 51. Nd3 Bd5 52. h5 Bg8 53. Nf4 Bh7 54. Ng6 Kd5 55. Nf8 Bg8 56. h6 f5 57. h7 Bxh7 58. Nxh7 f4+ 59. Kd3 f3 60. Nf6+ Kc6 61. Ne4 Kb5 62. d5 f2 63. Nxf2 Kc5 64. Ke4 Kb5 65. Ke5 Ka4 66. d6 Kxa3 67. d7 a4 68. d8Q 1-0

[Event "Canadian op"]
[Site "Edmonton"]
[Date "2009.07.15"]
[Round "5.71"]
[White "Shanker, Raman"]
[Black "Ludwig, David A"]
[Result "0-1"]
[WhiteElo "1839"]
[BlackElo "1680"]
[PlyCount "54"]
[EventDate "2009.07.11"]
[EventType "swiss"]
[EventRounds "9"]
[EventCountry "CAN"]
[SourceTitle "EXT 2022"]
[Source "ChessBase"]
[SourceDate "2021.10.06"]
[SourceVersion "1"]
[SourceVersionDate "2021.10.06"]
[SourceQuality "1"]

1. d4 Nf6 2. c4 e6 3. Nf3 Bb4+ 4. Bd2 Bxd2+ 5. Qxd2 d5 6. e3 0-0 7. Nc3 b6 8. cxd5 exd5 9. Bd3 Re8 10. 0-0 Bb7 11. Rac1 Ne4 12. Qc2 a6 13. Na4 Nc6 14. a3 Rc8 15. b4 Ne7 16. Ne5 Nf5 17. Nc6 Bxc6 18. Qxc6 Re6 19. Qc2 Qg5 20. Bxe4 dxe4 21. f4 exf3 22. Rxf3 Nxe3 23. Qd2 Qe7 24. Nxb6 Re8 25. Na4 Nd5 26. Nc5 Re2 27. Qd3 Qg5 0-1

[Event "Canadian op"]
[Site "Edmonton"]
[Date "2009.07.13"]
[Round "3.73"]
[White "Shanker, Raman"]
[Black "Goodman, Clifford"]
[Result "1-0"]
[WhiteElo "1839"]
[BlackElo "1630"]
[PlyCount "83"]
[EventDate "2009.07.11"]
[EventType "swiss"]
[EventRounds "9"]
[EventCountry "CAN"]
[SourceTitle "EXT 2022"]
[Source "ChessBase"]
[SourceDate "2021.10.06"]
[SourceVersion "1"]
[SourceVersionDate "2021.10.06"]
[SourceQuality "1"]

1. d4 Nf6 2. c4 g6 3. Nc3 d5 4. Nf3 Bg7 5. Qb3 dxc4 6. Qxc4 a6 7. e4 b5 8. Qb3 e6 9. a4 c6 10. axb5 cxb5 11. Bxb5+ Bd7 12. Bd3 0-0 13. Bf4 Nc6 14. 0-0 Nh5 15. Bd6 Re8 16. e5 a5 17. Be4 Bf8 18. Nb5 Bxd6 19. Nxd6 Rf8 20. Qe3 Kg7 21. g4 Nb4 22. gxh5 Nd5 23. h6+ Kg8 24. Qd2 f5 25. Bxd5 exd5 26. Qf4 Qb8 27. Qh4 Ra7 28. Kh1 Bb5 29. Nxb5 Qxb5 30. Rg1 Kh8 31. Ng5 Qe2 32. Rae1 Qxb2 33. Ne6 Rb8 34. Qf6+ Kg8 35. Rxg6+ hxg6 36. Qxg6+ Kh8 37. Qf6+ Kh7 38. Rg1 Qb7 39. Nf8+ Rxf8 40. Qxf8 Ra8 41. Qxf5+ Kh8 42. Qf6+ 1-0